| 000 | 00696nam a22002057a 4500 | ||
|---|---|---|---|
| 005 | 20240530110520.0 | ||
| 008 | 160216s2013 ua g 000 e ara d | ||
| 020 | _a9789774277689 | ||
| 040 | _aEG-CaGPL | ||
| 082 | 0 | 4 |
_221 _a814\ _bج ر |
| 100 | 0 | _aجبريل سعد العبيدى . | |
| 245 | 1 | 0 |
_aرؤية ثوراتنا بين العرب و الغرب / _cجبريل سعد العبيدى . |
| 250 | _aط1. | ||
| 260 |
_aالقاهرة : _bالدار المصرية اللبنانية ، _c2013 . |
||
| 300 |
_a174 ص ؛ _c20 سم . |
||
| 650 | 0 | 4 | _aالثورات . |
| 650 | 0 | 4 | _aالمقالات العربية . |
| 942 |
_2ddc _cBK |
||
| 999 |
_c61871 _d61871 |
||